[Event "16. Rusia tch HL"]
[Site "Dagomys RUS"]
[Date "2009.04.06"]
[Round "5.23"]
[White "Ovetchkin, Roman"]
[Black "Papin, Vasily"]
[Result "0-1"]
[WhiteElo "2549"]
[BlackElo "2462"]
[PlyCount "148"]
[EventDate "2009.04.02"]
[EventType "team"]
[EventRounds "8"]
[EventCountry "RUS"]
[Source "lmi"]
[SourceDate "2009.04.04"]

1. Nf3 Nf6 2. c4 c6 3. Nc3 d5 4. d4 e6 5. Qd3 dxc4 6. Qxc4 b5 7. Qd3 Bb7 8. Bg5
Nbd7 9. e4 b4 10. Na4 Qa5 11. b3 c5 12. Bxf6 gxf6 13. dxc5 a6 14. Qc2 Nxc5 15.
Nxc5 Bxc5 16. Bc4 Rg8 17. O-O Ke7 18. Rfe1 Bd6 19. Rad1 Qh5 20. Re3 Rad8 21.
Be2 Bf4 22. Red3 Qa5 23. g3 Bb8 24. Rxd8 Rxd8 25. Rxd8 Qxd8 26. Qc5+ Qd6 27.
Qe3 Qc6 28. Bd3 Bc7 29. Nd4 Qd6 30. Nc2 Bb6 31. Qe2 f5 32. Kf1 f4 33. Kg2 a5
34. f3 fxg3 35. hxg3 Qc5 36. Qe1 Qg5 37. a3 bxa3 38. Nxa3 h5 39. Nc4 Bc7 40. e5
Bd5 41. Ne3 Qxe5 42. Nxd5+ Qxd5 43. Bc4 Qg5 44. Kh3 Qf5+ 45. Kg2 h4 46. gxh4
Qf4 47. Qe4 Qh2+ 48. Kf1 Bg3 49. Qe3 Qh1+ 50. Ke2 Qe1+ 51. Kd3 Qd1+ 52. Qd2
Qxf3+ 53. Kc2 Qf5+ 54. Kb2 Bxh4 55. Ka3 Qe5 56. Ka4 Be1 57. Qg2 Qc5 58. Qb7+
Kd8 59. Qb8+ Qc8 60. Qe5 Qd7+ 61. Bb5 Qd2 62. Qb8+ Ke7 63. Qe8+ Kd6 64. Qb8+
Kd5 65. Bc4+ Ke4 66. Qb7+ Ke5 67. Qb8+ Kf6 68. Qh8+ Ke7 69. Ka3 Qc3 70. Qxc3
Bxc3 71. Ka2 f5 72. Kb1 e5 73. Kc2 Bb4 74. Kd3 Kf6 0-1

[Event "16. Rusia tch HL"]
[Site "Dagomys RUS"]
[Date "2009.04.06"]
[Round "5.24"]
[White "Uzhva, Andrey"]
[Black "Vokarev, Sergey"]
[Result "0-1"]
[WhiteElo "2306"]
[BlackElo "2521"]
[PlyCount "68"]
[EventDate "2009.04.02"]
[EventType "team"]
[EventRounds "8"]
[EventCountry "RUS"]
[Source "lmi"]
[SourceDate "2009.04.04"]

1. e4 c5 2. Nf3 Nc6 3. d4 cxd4 4. Nxd4 Nf6 5. Nc3 d6 6. g3 g6 7. Bg2 Nxd4 8.
Qxd4 Bg7 9. O-O O-O 10. Qd3 Be6 11. Bd2 Rc8 12. b3 Qc7 13. Rac1 Ng4 14. Nb5 Qc5
15. c4 a6 16. Nc3 Qh5 17. h4 Qc5 18. Nd5 Rfe8 19. Qe2 h5 20. Kh1 Bxd5 21. exd5
e5 22. Bh3 f5 23. f3 Nf6 24. Bg5 e4 25. Bxf6 Bxf6 26. fxe4 Rxe4 27. Qxe4 fxe4
28. Rxf6 Kg7 29. Rcf1 Rc7 30. g4 e3 31. gxh5 e2 32. Rxg6+ Kh7 33. Rfg1 Qe3 34.
R6g3 Qxg3 0-1

[Event "16. Rusia tch HL"]
[Site "Dagomys RUS"]
[Date "2009.04.06"]
[Round "5.26"]
[White "Lastin, Alexander"]
[Black "Yevseev, Denis"]
[Result "1/2-1/2"]
[WhiteElo "2650"]
[BlackElo "2529"]
[PlyCount "49"]
[EventDate "2009.04.02"]
[EventType "team"]
[EventRounds "8"]
[EventCountry "RUS"]
[Source "lmi"]
[SourceDate "2009.04.04"]

1. e4 c6 2. d4 d5 3. e5 Bf5 4. Nf3 e6 5. Be2 c5 6. Be3 cxd4 7. Nxd4 Ne7 8. c4
Nbc6 9. Qa4 a6 10. Nc3 dxc4 11. O-O-O Qc8 12. Nxf5 Nxf5 13. Bb6 Bb4 14. Bf3
Nfe7 15. Bxc6+ Nxc6 16. Ne4 O-O 17. a3 Be7 18. Nd6 Bxd6 19. exd6 Qd7 20. Qxc4
Na7 21. Kb1 Nb5 22. Rd2 Rac8 23. Qh4 f6 24. Rhd1 Rc6 25. Bc7 1/2-1/2

[Event "16. Rusia tch HL"]
[Site "Dagomys RUS"]
[Date "2009.04.06"]
[Round "5.27"]
[White "Klimov, Sergey"]
[Black "Smirnov, Pavel"]
[Result "1/2-1/2"]
[WhiteElo "2521"]
[BlackElo "2575"]
[PlyCount "38"]
[EventDate "2009.04.02"]
[EventType "team"]
[EventRounds "8"]
[EventCountry "RUS"]
[Source "lmi"]
[SourceDate "2009.04.04"]

1. e4 c5 2. Nf3 Nc6 3. d4 cxd4 4. Nxd4 Nf6 5. Nc3 e5 6. Ndb5 d6 7. Bg5 a6 8.
Na3 b5 9. Nd5 Be7 10. Bxf6 Bxf6 11. c4 b4 12. Nc2 a5 13. g3 O-O 14. Bg2 Bg5 15.
O-O Ne7 16. Nce3 Bxe3 17. Nxe3 Be6 18. Qd3 Qd7 19. Rad1 Rfd8 1/2-1/2

[Event "16. Rusia tch HL"]
[Site "Dagomys RUS"]
[Date "2009.04.06"]
[Round "5.28"]
[White "Chuprov, Dmitry"]
[Black "Lintchevski, Daniil"]
[Result "1/2-1/2"]
[WhiteElo "2561"]
[BlackElo "2485"]
[PlyCount "35"]
[EventDate "2009.04.02"]
[EventType "team"]
[EventRounds "8"]
[EventCountry "RUS"]
[Source "lmi"]
[SourceDate "2009.04.04"]

1. e4 c5 2. Nf3 Nc6 3. Bb5 d6 4. d4 cxd4 5. Qxd4 Qa5+ 6. Nc3 Qxb5 7. Nxb5 Nxd4
8. Nfxd4 Kd8 9. c4 Nf6 10. f3 Bd7 11. a4 a6 12. Nc3 Rc8 13. b3 g6 14. Be3 Bg7
15. O-O e6 16. Rac1 Ke7 17. Rfd1 Rhd8 18. Nde2 1/2-1/2

[Event "16. Rusia tch HL"]
[Site "Dagomys RUS"]
[Date "2009.04.06"]
[Round "5.30"]
[White "Kabanov, Nikolai"]
[Black "Malakhov, Igor"]
[Result "1-0"]
[WhiteElo "2517"]
[BlackElo "2380"]
[PlyCount "149"]
[EventDate "2009.04.02"]
[EventType "team"]
[EventRounds "8"]
[EventCountry "RUS"]
[Source "lmi"]
[SourceDate "2009.04.04"]

1. e4 c5 2. Nf3 e6 3. d4 cxd4 4. Nxd4 Qb6 5. c3 a6 6. Be3 Nf6 7. Nd2 Qc7 8. Bd3
d5 9. O-O Bd6 10. f4 dxe4 11. Nxe4 Nxe4 12. Bxe4 Nd7 13. Qg4 g6 14. Qh4 Be7 15.
Qf2 O-O 16. Nb3 Rb8 17. Nd4 Nf6 18. Bf3 Bd7 19. Kh1 Rfd8 20. Rae1 Be8 21. Nb3
Nd5 22. Bd4 Bb5 23. Be2 Bxe2 24. Rxe2 Rbc8 25. Be5 Bd6 26. Nd2 f5 27. Nb3 Bxe5
28. Rxe5 Rd6 29. Nd4 Qd7 30. Qh4 Re8 31. Rfe1 Kg7 32. g4 fxg4 33. Qxg4 Nf6 34.
Qh3 Kf7 35. Nf3 Qc6 36. Qg2 Kg7 37. Ng5 Qxg2+ 38. Kxg2 Rd2+ 39. R1e2 Rxe2+ 40.
Rxe2 Nd5 41. Kf3 Nc7 42. Rd2 Re7 43. Ke4 h6 44. Nf3 Nd5 45. Ne5 g5 46. fxg5
hxg5 47. Rg2 Kh6 48. Rg3 Nf6+ 49. Kd4 Nd5 50. Rg2 Nf6 51. h4 Nh7 52. hxg5+ Nxg5
53. Kc5 Ne4+ 54. Kb6 Kh5 55. c4 Nd6 56. c5 Nc8+ 57. Ka5 Rc7 58. b4 Ne7 59. a3
Nc8 60. Nf3 Re7 61. Ne5 Rc7 62. Rg6 Re7 63. Rg3 Rc7 64. Nf3 Re7 65. Ng5 Kg6 66.
Nxe6+ Kf7 67. Nd8+ Kf8 68. Rh3 Na7 69. Nxb7 Rxb7 70. Kxa6 Rf7 71. b5 Kg7 72. c6
Re7 73. a4 Kf6 74. Rh8 Ke6 75. Ra8 1-0

[Event "16. Rusia tch HL"]
[Site "Dagomys RUS"]
[Date "2009.04.07"]
[Round "6.2"]
[White "Lastin, Alexander"]
[Black "Khairullin, Ildar"]
[Result "1/2-1/2"]
[WhiteElo "2650"]
[BlackElo "2606"]
[PlyCount "61"]
[EventDate "2009.04.02"]
[EventType "team"]
[EventRounds "8"]
[EventCountry "RUS"]
[Source "lmi"]
[SourceDate "2009.04.04"]

1. e4 e5 2. Nf3 Nc6 3. Bb5 a6 4. Ba4 Nf6 5. O-O Be7 6. Re1 b5 7. Bb3 d6 8. c3
O-O 9. h3 Nb8 10. d4 Nbd7 11. Nbd2 Bb7 12. Bc2 Re8 13. a4 Bf8 14. Bd3 c6 15. b3
g6 16. Ba3 Qb6 17. Qc2 Rac8 18. Rad1 Nh5 19. Bf1 Nf4 20. b4 Qc7 21. Qb3 exd4
22. cxd4 d5 23. g3 dxe4 24. Nxe4 Nd5 25. Rc1 Qb8 26. a5 Bg7 27. Rc2 Re7 28.
Rce2 Rce8 29. Bc1 h6 30. Bd2 Nf8 31. Bg2 1/2-1/2

[Event "16. Rusia tch HL"]
[Site "Dagomys RUS"]
[Date "2009.04.07"]
[Round "6.4"]
[White "Chuprov, Dmitry"]
[Black "Iljushin, Alexei"]
[Result "1-0"]
[WhiteElo "2561"]
[BlackElo "2557"]
[PlyCount "107"]
[EventDate "2009.04.02"]
[EventType "team"]
[EventRounds "8"]
[EventCountry "RUS"]
[Source "lmi"]
[SourceDate "2009.04.04"]

1. e4 c5 2. Nf3 Nc6 3. d4 cxd4 4. Nxd4 Nf6 5. Nc3 d6 6. Bg5 Qb6 7. Nb3 e6 8.
Bxf6 gxf6 9. Qd2 a6 10. O-O-O h5 11. Kb1 Bd7 12. f4 O-O-O 13. Be2 h4 14. Rhf1
Be7 15. Rf3 Kb8 16. Bf1 Bc8 17. Qe1 Rdg8 18. Rh3 Rg4 19. g3 Rgg8 20. gxh4 Rg4
21. f5 exf5 22. Nd5 Qd8 23. exf5 Bxf5 24. Re3 Ne5 25. Bh3 Bf8 26. Nd4 Bc8 27.
Bxg4 Bxg4 28. Nc6+ bxc6 29. Rb3+ Kc8 30. Nb6+ Kc7 31. Qa5 Bxd1 32. Nd5+ Kd7 33.
Rb7+ Ke8 34. Nc7+ Kd7 35. Nxa6+ Ke8 36. Nc7+ Kd7 37. Ne6+ Kxe6 38. Qxd8 f5 39.
Qc8+ Kf6 40. Qd8+ Ke6 41. Qc8+ Kf6 42. a4 f4 43. Rb4 f3 44. a5 Ng6 45. Qxc6 Rh5
46. Qc3+ Ne5 47. Rf4+ Kg6 48. a6 Bh6 49. Rd4 Be2 50. a7 Rf5 51. a8=Q f2 52.
Rxd6+ Kg7 53. Qg2+ Kh7 54. Rxh6+ 1-0

[Event "16. Rusia tch HL"]
[Site "Dagomys RUS"]
[Date "2009.04.07"]
[Round "6.5"]
[White "Shaposhnikov, Evgeny"]
[Black "Pridorozhni, Aleksei"]
[Result "1/2-1/2"]
[WhiteElo "2549"]
[BlackElo "2528"]
[PlyCount "31"]
[EventDate "2009.04.02"]
[EventType "team"]
[EventRounds "8"]
[EventCountry "RUS"]
[Source "lmi"]
[SourceDate "2009.04.04"]

1. e4 e5 2. Nf3 Nc6 3. Bc4 Bc5 4. c3 Nf6 5. d3 a6 6. Bb3 Ba7 7. h3 h6 8. Nbd2
O-O 9. O-O d6 10. Re1 Re8 11. Nf1 Be6 12. Ng3 Bxb3 13. Qxb3 Rb8 14. Bd2 Qd7 15.
Rad1 Qe6 16. Qxe6 1/2-1/2

[Event "16. Rusia tch HL"]
[Site "Dagomys RUS"]
[Date "2009.04.07"]
[Round "6.6"]
[White "Kabanov, Nikolai"]
[Black "Evdokimov, Alexander A"]
[Result "1/2-1/2"]
[WhiteElo "2517"]
[BlackElo "2546"]
[PlyCount "207"]
[EventDate "2009.04.02"]
[EventType "team"]
[EventRounds "8"]
[EventCountry "RUS"]
[Source "lmi"]
[SourceDate "2009.04.04"]

1. e4 c6 2. d4 d5 3. e5 Bf5 4. Nf3 e6 5. Be2 c5 6. c4 dxc4 7. O-O Nc6 8. Be3
cxd4 9. Nxd4 Nxd4 10. Bxd4 Ne7 11. Bxc4 Nc6 12. Bb5 Be7 13. Bxc6+ bxc6 14. Nc3
O-O 15. Qa4 c5 16. Be3 Qb8 17. Qa3 Rc8 18. Rac1 Bf8 19. Na4 c4 20. Bc5 Bxc5 21.
Nxc5 Qb5 22. Na4 Qxe5 23. Rc3 Qd5 24. Rfc1 e5 25. h3 h6 26. b3 cxb3 27. axb3
Rxc3 28. Rxc3 Qd1+ 29. Kh2 Qd4 30. Kg1 Qd1+ 31. Kh2 Qd2 32. Rf3 Be4 33. Re3 Bg6
34. Qc5 Qxf2 35. Qxe5 Rd8 36. Nc3 Qf5 37. Qg3 Qd7 38. Ne2 Bf5 39. Qf4 Be6 40.
Rg3 Qd6 41. Qe3 a6 42. Nf4 Qd4 43. Nxe6 Qxe3 44. Rxe3 Re8 45. Re5 Rxe6 46. Ra5
Rb6 47. b4 Kf8 48. g4 Ke7 49. Kg3 Kd7 50. h4 Kc7 51. h5 f6 52. Kh3 Kb8 53. Kg3
Ka7 54. Ra4 Rb5 55. Kf4 Kb6 56. Ke4 Re5+ 57. Kf4 Rd5 58. Ke4 Rg5 59. Kf4 f5 60.
gxf5 Rxh5 61. Ra1 Rh4+ 62. Ke3 Rg4 63. Rh1 Kb5 64. f6 Rg5 65. Ke4 gxf6 66. Rxh6
Re5+ 67. Kd3 Re6 68. Rh4 Rd6+ 69. Kc3 Rc6+ 70. Kd3 Rd6+ 71. Kc3 Kc6 72. Rh7 Kd5
73. Kd3 Ke5+ 74. Ke3 Rb6 75. Ra7 Kd5 76. Kd3 f5 77. Ra8 Rf6 78. Rc8 Rc6 79. Rb8
Rd6 80. Rc8 Ke5+ 81. Ke2 Kf4 82. Rc5 Rb6 83. Ra5 Kg4 84. Kf2 Kf4 85. Ra4 Ke5
86. Ke3 Kd5 87. Ra5+ Kc4 88. Rxf5 Kxb4 89. Kd2 Rc6 90. Rf4+ Kb3 91. Rf5 Kb4 92.
Rf4+ Kb5 93. Rf5+ Kb4 94. Rf4+ Kb5 95. Rf5+ Ka4 96. Rf4+ Kb3 97. Rf5 Kb2 98.
Kd3 Rc3+ 99. Kd2 Kb3 100. Rf6 Rc2+ 101. Kd3 Rc3+ 102. Kd2 Rc2+ 103. Kd3 Rc3+
104. Kd2 1/2-1/2

[Event "16. Rusia tch HL"]
[Site "Dagomys RUS"]
[Date "2009.04.07"]
[Round "6.7"]
[White "Popov, Ivan"]
[Black "Makarov, Aleksandr"]
[Result "1-0"]
[WhiteElo "2568"]
[BlackElo "2209"]
[PlyCount "77"]
[EventDate "2009.04.02"]
[EventType "team"]
[EventRounds "8"]
[EventCountry "RUS"]
[Source "lmi"]
[SourceDate "2009.04.04"]

1. e4 c5 2. Nf3 d6 3. d4 cxd4 4. Nxd4 Nf6 5. Nc3 Nc6 6. Bg5 g6 7. Be2 Bg7 8.
Nb3 a6 9. f4 h6 10. Bh4 b5 11. Bf3 e5 12. Nd5 O-O 13. O-O Bb7 14. f5 g5 15.
Nxf6+ Bxf6 16. Bf2 a5 17. a4 b4 18. Qd2 Qc7 19. Be3 Rfd8 20. Qf2 Qe7 21. Rfd1
Qf8 22. Rd2 Qg7 23. Rad1 g4 24. Be2 Nd4 25. Nxd4 exd4 26. Rxd4 Bxd4 27. Rxd4
Rac8 28. f6 Qg6 29. Bd3 Qh5 30. Qg3 Kh8 31. Bf4 Re8 32. h4 Re6 33. Bxd6 Rxf6
34. Qe5 Qg6 35. Be7 Rcc6 36. Rd8+ Kg7 37. h5 Qg5 38. Bf8+ Kh7 39. Qxg5 1-0

[Event "16. Rusia tch HL"]
[Site "Dagomys RUS"]
[Date "2009.04.07"]
[Round "6.8"]
[White "Yevseev, Denis"]
[Black "Gasanov, Eldar"]
[Result "1/2-1/2"]
[WhiteElo "2529"]
[BlackElo "2551"]
[PlyCount "112"]
[EventDate "2009.04.02"]
[EventType "team"]
[EventRounds "8"]
[EventCountry "RUS"]
[Source "lmi"]
[SourceDate "2009.04.04"]

1. d4 Nf6 2. c4 e6 3. g3 d5 4. Nf3 dxc4 5. Bg2 Bb4+ 6. Bd2 c5 7. Bxb4 cxb4 8.
Ne5 O-O 9. Nxc4 Nc6 10. e3 e5 11. dxe5 Qxd1+ 12. Kxd1 Ng4 13. Ke2 Ngxe5 14.
Nbd2 Rd8 15. Rhd1 Bg4+ 16. f3 Bf5 17. e4 Nd4+ 18. Kf1 Nxc4 19. Nxc4 Be6 20. Ne3
a5 21. Kf2 f6 22. Rd2 Nc6 23. Nd5 Rd7 24. Rad1 Rad8 25. f4 Kf8 26. Ke3 Rd6 27.
Nc7 Rxd2 28. Nxe6+ Ke7 29. Rxd2 Rxd2 30. Kxd2 Kxe6 31. Kd3 g5 32. Kc4 gxf4 33.
gxf4 Kd6 34. Kb5 Nd4+ 35. Kxa5 Kc5 36. e5 fxe5 37. fxe5 b6+ 38. Ka6 b5 39. Kb7
Nf5 40. Be4 Ne3 41. Bxh7 Nc4 42. Bg8 Nxb2 43. Bb3 Nc4 44. a4 bxa4 45. Bxc4 Kxc4
46. e6 a3 47. e7 a2 48. e8=Q a1=Q 49. Qe6+ Kd3 50. h3 Qh1+ 51. Kc7 Qe4 52. Qb3+
Kd4 53. h4 Qe7+ 54. Kc6 Qc5+ 55. Kd7 Qd5+ 56. Qxd5+ Kxd5 1/2-1/2

[Event "16. Rusia tch HL"]
[Site "Dagomys RUS"]
[Date "2009.04.07"]
[Round "6.9"]
[White "Rustemov, Alexander"]
[Black "Klimov, Sergey"]
[Result "1/2-1/2"]
[WhiteElo "2520"]
[BlackElo "2521"]
[PlyCount "82"]
[EventDate "2009.04.02"]
[EventType "team"]
[EventRounds "8"]
[EventCountry "RUS"]
[Source "lmi"]
[SourceDate "2009.04.04"]

1. Nf3 Nf6 2. c4 g6 3. Nc3 Bg7 4. g3 O-O 5. Bg2 d5 6. cxd5 Nxd5 7. O-O c5 8. d4
cxd4 9. Nxd4 Nxc3 10. bxc3 Nd7 11. Rb1 Nb6 12. Bg5 h6 13. Be3 Nc4 14. Qd3 Nxe3
15. Qxe3 e5 16. Nb3 Bf5 17. Be4 Bxe4 18. Qxe4 Qc7 19. c4 Rfd8 20. c5 b6 21.
Rfc1 Rac8 22. cxb6 Qxb6 23. Qa4 Bf8 24. e3 h5 25. h4 Qb7 26. Rxc8 Rxc8 27. Nd2
Qd5 28. Ne4 Qc4 29. Nf6+ Kg7 30. Ne8+ Kg8 31. Qxc4 Rxc4 32. Rb7 Ra4 33. Kg2
Rxa2 34. Nf6+ Kg7 35. Ne4 Kg8 36. Ng5 f6 37. Ne6 Bh6 38. Kf1 Ra1+ 39. Ke2 Ra2+
40. Kf1 Ra1+ 41. Ke2 Ra2+ 1/2-1/2

[Event "16. Rusia tch HL"]
[Site "Dagomys RUS"]
[Date "2009.04.07"]
[Round "6.11"]
[White "Gabrielian, Artur"]
[Black "Matlakov, Maxim"]
[Result "1-0"]
[WhiteElo "2462"]
[BlackElo "2533"]
[PlyCount "63"]
[EventDate "2009.04.02"]
[EventType "team"]
[EventRounds "8"]
[EventCountry "RUS"]
[Source "lmi"]
[SourceDate "2009.04.04"]

1. e4 e5 2. f4 exf4 3. Nf3 d5 4. exd5 Bd6 5. Bc4 Ne7 6. Nc3 O-O 7. O-O Bg4 8.
d4 Nd7 9. Qe1 Nf5 10. Nb5 Re8 11. Qf2 Nf6 12. Ne5 Rxe5 13. Nxd6 cxd6 14. dxe5
dxe5 15. Re1 Nd6 16. Bd3 e4 17. Bf1 g5 18. Bxf4 gxf4 19. Qxf4 Bh5 20. c4 Rc8
21. Rac1 Bg6 22. c5 Nf5 23. d6 a5 24. Bb5 Nd4 25. Ba4 Ne6 26. Qe5 Ng4 27. Qg3
Qg5 28. h4 Qh5 29. Bd1 f5 30. Rxe4 fxe4 31. Bxg4 Qd5 32. h5 1-0

[Event "16. Rusia tch HL"]
[Site "Dagomys RUS"]
[Date "2009.04.07"]
[Round "6.13"]
[White "Drozdovskij, Yuri"]
[Black "Kokarev, Dmitry"]
[Result "1/2-1/2"]
[WhiteElo "2603"]
[BlackElo "2603"]
[PlyCount "30"]
[EventDate "2009.04.02"]
[EventType "team"]
[EventRounds "8"]
[EventCountry "RUS"]
[Source "lmi"]
[SourceDate "2009.04.04"]

1. d4 Nf6 2. c4 g6 3. g3 Bg7 4. Bg2 d5 5. cxd5 Nxd5 6. e4 Nb6 7. Ne2 c5 8. d5
e6 9. Nbc3 O-O 10. O-O exd5 11. exd5 Na6 12. d6 Nc4 13. Qd5 Nb6 14. Qd1 Nc4 15.
Qd5 Nb6 1/2-1/2

[Event "16. Rusia tch HL"]
[Site "Dagomys RUS"]
[Date "2009.04.07"]
[Round "6.14"]
[White "Maletin, Pavel"]
[Black "Nikolenko, Oleg"]
[Result "1-0"]
[WhiteElo "2559"]
[BlackElo "2524"]
[PlyCount "85"]
[EventDate "2009.04.02"]
[EventType "team"]
[EventRounds "8"]
[EventCountry "RUS"]
[Source "lmi"]
[SourceDate "2009.04.04"]

1. Nf3 Nf6 2. c4 g6 3. g3 Bg7 4. d4 d5 5. cxd5 Nxd5 6. Bg2 O-O 7. O-O Nb6 8.
Nc3 Nc6 9. e3 Re8 10. d5 Na5 11. Nd4 Bd7 12. e4 c6 13. Re1 cxd5 14. exd5 Rc8
15. Rb1 Nac4 16. b3 Nd6 17. Bb2 Nf5 18. Nce2 Nxd4 19. Bxd4 Bf5 20. Ra1 Qd6 21.
Bxg7 Kxg7 22. h4 Kg8 23. Nf4 h6 24. Qf3 Nd7 25. h5 g5 26. Ne2 Qf6 27. Nd4 Bh7
28. Qe3 a6 29. Rad1 Kf8 30. Be4 Bxe4 31. Qxe4 Rcd8 32. b4 Nb6 33. Re3 g4 34.
Qxg4 Qg5 35. Qf3 Kg8 36. Nf5 Kf8 37. Rd4 Qf6 38. Red3 Rd7 39. Rf4 Qg5 40. Ne3
e6 41. dxe6 Rxd3 42. Rxf7+ Kg8 43. Qe4 1-0

[Event "16. Rusia tch HL"]
[Site "Dagomys RUS"]
[Date "2009.04.07"]
[Round "6.15"]
[White "Mozharov, Mikhail"]
[Black "Kryakvin, Dmitry"]
[Result "1/2-1/2"]
[WhiteElo "2475"]
[BlackElo "2583"]
[PlyCount "32"]
[EventDate "2009.04.02"]
[EventType "team"]
[EventRounds "8"]
[EventCountry "RUS"]
[Source "lmi"]
[SourceDate "2009.04.04"]

1. d4 d5 2. c4 c6 3. Nf3 Nf6 4. Nc3 dxc4 5. a4 Bf5 6. e3 e6 7. Bxc4 Bb4 8. O-O
Nbd7 9. Qb3 a5 10. Na2 Be7 11. Qxb7 Rb8 12. Qa6 Ra8 13. Qxc6 Rc8 14. Qa6 Ra8
15. Qc6 Rc8 16. Qa6 Ra8 1/2-1/2

[Event "16. Rusia tch HL"]
[Site "Dagomys RUS"]
[Date "2009.04.07"]
[Round "6.16"]
[White "Iljin, Artem"]
[Black "Nagibin, George"]
[Result "1-0"]
[WhiteElo "2572"]
[BlackElo "2386"]
[PlyCount "97"]
[EventDate "2009.04.02"]
[EventType "team"]
[EventRounds "8"]
[EventCountry "RUS"]
[Source "lmi"]
[SourceDate "2009.04.04"]

1. d4 Nf6 2. c4 g6 3. Nf3 Bg7 4. g3 O-O 5. Bg2 d6 6. O-O Nc6 7. Nc3 Bf5 8. Ne1
Qc8 9. e4 Bh3 10. f4 Bxg2 11. Kxg2 e5 12. fxe5 dxe5 13. d5 Nd4 14. Nf3 Nd7 15.
Be3 c5 16. dxc6 bxc6 17. Nxd4 exd4 18. Bxd4 Ne5 19. Qe2 Qe6 20. b3 Rfd8 21.
Rad1 Rd7 22. Na4 Qg4 23. Qxg4 Nxg4 24. Bg1 Rad8 25. Rxd7 Rxd7 26. Kf3 h5 27.
Ke2 Re7 28. Kd3 Bh6 29. Nc5 Re8 30. h3 Rd8+ 31. Kc3 Ne5 32. Bd4 Bg7 33. b4 a5
34. bxa5 Rxd4 35. Kxd4 Nd7+ 36. e5 Bxe5+ 37. Ke4 f5+ 38. Rxf5 gxf5+ 39. Kxf5
Nxc5 40. Kxe5 Kf7 41. Kd6 Nb7+ 42. Kxc6 Nxa5+ 43. Kb5 Nb7 44. c5 Ke7 45. a4 Kd8
46. Kb6 Kc8 47. a5 Nd8 48. a6 Kb8 49. c6 1-0

[Event "16. Rusia tch HL"]
[Site "Dagomys RUS"]
[Date "2009.04.07"]
[Round "6.17"]
[White "Shorokhov, Alexandr"]
[Black "Ovetchkin, Roman"]
[Result "1/2-1/2"]
[WhiteElo "2457"]
[BlackElo "2549"]
[PlyCount "64"]
[EventDate "2009.04.02"]
[EventType "team"]
[EventRounds "8"]
[EventCountry "RUS"]
[Source "lmi"]
[SourceDate "2009.04.04"]

1. e4 c6 2. d3 d5 3. Nd2 Qc7 4. g3 Nf6 5. Bg2 Bg4 6. Ngf3 e6 7. O-O Be7 8. b3
O-O 9. Bb2 c5 10. h3 Bxf3 11. Bxf3 Nc6 12. exd5 Nxd5 13. Bxd5 exd5 14. Re1 d4
15. a3 Qd7 16. Qg4 f5 17. Qe2 Rae8 18. Qe6+ Qxe6 19. Rxe6 Bf6 20. Rxe8 Rxe8 21.
Kf1 Kf7 22. Nc4 Re6 23. Re1 b5 24. Rxe6 Kxe6 25. Nd2 Kd5 26. Ke2 g5 27. Bc1 h6
28. g4 fxg4 29. hxg4 Be5 30. Ne4 Nd8 31. Bd2 Ne6 32. Ba5 Nf4+ 1/2-1/2

[Event "16. Rusia tch HL"]
[Site "Dagomys RUS"]
[Date "2009.04.07"]
[Round "6.18"]
[White "Vokarev, Sergey"]
[Black "Belov, Igor"]
[Result "1/2-1/2"]
[WhiteElo "2521"]
[BlackElo "2443"]
[PlyCount "84"]
[EventDate "2009.04.02"]
[EventType "team"]
[EventRounds "8"]
[EventCountry "RUS"]
[Source "lmi"]
[SourceDate "2009.04.04"]

1. e4 d6 2. d4 g6 3. Nc3 Bg7 4. f4 Nc6 5. Be3 Nf6 6. Nf3 O-O 7. Be2 e6 8. Qd2
Ne7 9. O-O-O a6 10. Kb1 b5 11. e5 Nfd5 12. Nxd5 Nxd5 13. h4 Rb8 14. h5 b4 15.
Ka1 Qd7 16. g4 Bb7 17. Rh3 Nxe3 18. Qxe3 Rfd8 19. hxg6 hxg6 20. Bd3 Bxf3 21.
Qxf3 dxe5 22. dxe5 Qd5 23. Qe2 Rb5 24. Rhh1 Ra5 25. Bc4 Qa8 26. g5 Rc5 27.
Rxd8+ Qxd8 28. Rd1 Qa8 29. Qd3 Qc6 30. Bb3 a5 31. Qh3 Qe8 32. Rd4 Bf8 33. a4
bxa3 34. bxa3 Qc6 35. Rd8 Rc3 36. Qh6 Qc5 37. Bxe6 Rxa3+ 38. Ba2 Rxa2+ 39. Kxa2
Qxc2+ 40. Ka1 Qc1+ 41. Ka2 Qc2+ 42. Ka1 Qc1+ 1/2-1/2

[Event "16. Rusia tch HL"]
[Site "Dagomys RUS"]
[Date "2009.04.07"]
[Round "6.19"]
[White "Rakhmanov, Aleksandr"]
[Black "Dolmatov, Sergey"]
[Result "1/2-1/2"]
[WhiteElo "2543"]
[BlackElo "2557"]
[PlyCount "22"]
[EventDate "2009.04.02"]
[EventType "team"]
[EventRounds "8"]
[EventCountry "RUS"]
[Source "lmi"]
[SourceDate "2009.04.04"]

1. c4 f5 2. d4 Nf6 3. Nc3 e6 4. e3 c6 5. f4 d5 6. Nf3 Bd6 7. Be2 b6 8. Qc2 O-O
9. O-O Bb7 10. Bd2 Qe7 11. Rac1 Ne4 1/2-1/2

[Event "16. Rusia tch HL"]
[Site "Dagomys RUS"]
[Date "2009.04.07"]
[Round "6.20"]
[White "Arslanov, Shamil"]
[Black "Ulko, Jaroslav"]
[Result "1/2-1/2"]
[WhiteElo "2365"]
[BlackElo "2489"]
[PlyCount "84"]
[EventDate "2009.04.02"]
[EventType "team"]
[EventRounds "8"]
[EventCountry "RUS"]
[Source "lmi"]
[SourceDate "2009.04.04"]

1. e4 c5 2. c3 Nf6 3. e5 Nd5 4. d4 cxd4 5. Qxd4 e6 6. Nf3 Nc6 7. Qe4 f5 8. Qe2
Be7 9. g3 O-O 10. Bg2 b6 11. c4 Nc7 12. O-O Bb7 13. Rd1 Qe8 14. Nc3 Rd8 15. a3
Na5 16. Nd4 Bxg2 17. Kxg2 Bc5 18. Ndb5 Nxb5 19. Nxb5 Nb3 20. Rb1 Nxc1 21. Rbxc1
f4 22. f3 Qh5 23. Nd4 Qg5 24. Rc3 h5 25. b4 Bxd4 26. Rxd4 Rf5 27. Re4 Rdf8 28.
Rd3 R8f7 29. Qd2 Qg6 30. Qe2 Rg5 31. Qe1 Rgf5 32. Qe2 Qh7 33. Red4 g5 34. Kg1
Qg7 35. Re4 Qf8 36. Kg2 Qg7 37. Kg1 Qh7 38. Kg2 fxg3 39. hxg3 h4 40. g4 h3+ 41.
Kh2 Rf4 42. Red4 Kf8 1/2-1/2

[Event "16. Rusia tch HL"]
[Site "Dagomys RUS"]
[Date "2009.04.07"]
[Round "6.21"]
[White "Zabotin, Alexander"]
[Black "Kashlinskaya, Alina"]
[Result "1-0"]
[WhiteElo "2486"]
[BlackElo "2344"]
[PlyCount "99"]
[EventDate "2009.04.02"]
[EventType "team"]
[EventRounds "8"]
[EventCountry "RUS"]
[Source "lmi"]
[SourceDate "2009.04.04"]

1. d4 Nf6 2. Nf3 g6 3. c4 Bg7 4. g3 O-O 5. Bg2 d6 6. O-O Nbd7 7. Nc3 e5 8. e4
a6 9. h3 b5 10. dxe5 dxe5 11. Re1 c6 12. Qd6 Bb7 13. a4 Ne8 14. Qa3 Nc7 15. Be3
Re8 16. axb5 axb5 17. Qb3 Qe7 18. cxb5 cxb5 19. Nxb5 Nxb5 20. Qxb5 Bxe4 21. Bg5
Qe6 22. Rxa8 Bxa8 23. Nd4 Qd6 24. Bxa8 Rxa8 25. Qc6 Qxc6 26. Nxc6 Ra6 27. Ne7+
Kf8 28. Nd5 e4 29. b4 Ra1 30. Rxa1 Bxa1 31. g4 Bd4 32. Be3 Bxe3 33. fxe3 h6 34.
Kf2 f5 35. gxf5 gxf5 36. Kg3 Kf7 37. Kh4 Ke6 38. Nf4+ Kf6 39. Kh5 Kg7 40. b5
Nb6 41. Ne2 Nd5 42. Nd4 Kf6 43. Kxh6 Ke5 44. Kg5 Nxe3 45. b6 Kd6 46. h4 f4 47.
Ne6 Kxe6 48. b7 f3 49. b8=Q f2 50. Qe8+ 1-0